000
00305nam a22001337a 4500
008
230704b xxu||||| |||| 00| 0 eng d
020
_a
9241545623
082
_a
364.1
_b
WHO
110
_b
WHO
245
_a
World report on Violence and Health
260
_a
Geneva
_b
WHO
300
_a
346p
942
_2
ddc
_c
BK
999
_c
3876
_d
3876